00343nam a2200121 a 450000500170000000800410001705000220005824500520008026000480013244000150018065000160019565000100021120140414131933.0110112s19uu xx 00 eng d aREF 520bC16 2002 aWhich lizard disappears? :bReptiles and birds. aNashville, Tennessee :bMiles Kelly,c2004. aAsk me why aReptilesx  aBirds